| 000 | 01298nam a2200193 a 4500 | ||
|---|---|---|---|
| 003 | PILC | ||
| 005 | 20250522173044.0 | ||
| 008 | 060728s1987 xx 00 eng d | ||
| 010 | _aAcc#27894 | ||
| 020 | _a0913573825 | ||
| 040 | _cPhilippine Baptist Theological Seminary | ||
| 050 |
_aBT 94 _bK59 1987 |
||
| 245 | 1 | 0 |
_aThe Kingdom of God in 20th-century interpretation / _cedited by Wendell Willis. |
| 264 |
_aPeabody, MA : _bHendrickson Publishers, _c©1987. |
||
| 300 | _axii, 208 p. ; 23 cm. | ||
| 505 | _aAcknowledgements -- 1. The discovery of the eschatological kingdom -- 2. Pivotal reactions to the eschatological interpretations -- 3. Mediating approaches to the kingdom -- 4. Linguistic approaches to the kingdom -- 5. The kingdom of God in the Old Testament -- 6. The kingdom of God in the Apocrypha and Pseudepigrapha -- 7. The kingdom of God in the Qumran literature -- 8. The kingdom of God and the historical Jesus -- 9. The kingdom of God in the Gospel of Matthew -- 10. The kingdom of God in Mark -- 11. The kingdom of God in Luke-Acts -- 12. The kingdom of God in the school of St. John -- 13. The kingdom of God in Paul -- 14. The kingdom of God in early Patristic literature | ||
| 650 |
_aKINGDOM OF GOD _xHISTORY OF DOCTRINES _x20TH CENTURY |
||
| 942 |
_cCB _2lcc |
||
| 999 |
_c11537 _d11537 |
||